SULABHA TATVA DNYAN (Record no. 357545)

MARC details
000 -LEADER
fixed length control field 004260000a22001570004500
005 - DATE AND TIME OF LATEST TRANSACTION
control field 20120302062737.0
040 ## - CATALOGING SOURCE
Original cataloging agency MAR
100 ## - MAIN ENTRY--PERSONAL NAME
Personal name DESAI , NA.GO.
245 ## - TITLE STATEMENT
Title SULABHA TATVA DNYAN
250 ## - EDITION STATEMENT
Edition statement 2 ND
260 ## - PUBLICATION, DISTRIBUTION, ETC. (IMPRINT)
Place of publication, distribution, etc PUNE : SUDHA VASANT PHADKE ,1979
300 ## - PHYSICAL DESCRIPTION
Extent 352 P.
365 ## - TRADE PRICE
Price amount RS.12/-
650 ## - SUBJECT ADDED ENTRY--TOPICAL TERM
Topical term or geographic name as entry element TATVA DNYAN / ISHWAR / DEVATA / SRUSHTI / UTKRANTI / PANCH KOSH / MRUTYU / PUNARJANMA / KARMA
942 ## - ADDED ENTRY ELEMENTS (KOHA)
Koha item type Book
Holdings
Withdrawn status Lost status Damaged status Not for loan Home library Current library Date acquired Total Checkouts Barcode Date last seen Price effective from
        Institute For Oriental Study, Thane Institute For Oriental Study, Thane 12/02/2009   IOS-M 18597 12/02/2009 12/02/2009